Представление документа в формате RUSMARC

ПолеНазваниеЗначение
  Тип записи a
  Библиографический уровень c
001 Контрольный номер RU/SLIB/B/208719090
005 Дата корректировки 20201206203938.3
010 Индекс ISBN __
d Цена 2-52
101 Язык документа __
a Язык текста rus
200 Заглавие и сведения об ответственности 1_
a Заглавие Общественные здания
e Сведения, относящиеся к заглавию сб. науч. сообщений № 7
f Первые сведения об ответственности редкол.: Г. А. Градов (гл.ред.) [и др.]
b Общее обозначение материала Текст
210 Выходные данные __
a Место издания М.
c Издательство Стройиздат
d Дата издания 1973
215 Физическое описание __
c Иллюстрации/тип воспроизводства ил.
606 Тематические рубрики __
a Основная рубрика Строительство
606 Тематические рубрики __
a Основная рубрика Общественные здания и сооружения
610 Ключевые слова __
a Ключевые слова общественные здания; интерьер
686 Индексы других классификаций __
a Классификационный индекс 38.712
702 Вторичная интеллектуальная ответственность __
a Фамилия Градов
b Имя Г. А.
4 Код отношения Редактор
801 Источник записи _0
a Страна RU
b Организация Муниципальное бюджетное учреждение культуры "Централизованная библиотечная система" г. Сургут (Центральная городская библиотека им. А. С. Пушкина)
g Правила каталогизации К/Кундохова В.С.
801 Источник записи _1
a Страна RU
b Организация Муниципальное бюджетное учреждение культуры "Централизованная библиотечная система" г. Сургут (Центральная городская библиотека им. А. С. Пушкина)
g Правила каталогизации К/Кундохова В.С.
852 Данные о местонахождении __
j Шифр хранения 38.712
c Каталожный индекс 38.712
i Авторский знак О-28
p Инвентарный номер 18179(с)
901 Тип документа __
t Тип документа x
969 Тип издания __
a Тип издания сборник
990 Данные о заказе (DOS) __
j Количество экземпляров (DOS) 1